Fortnite Quiz - Statistics

General Stats
  • This quiz has been taken 1,503 times
  • The average score is 7 of 15
Answer Stats
Hint Answer % Correct
Who won the World Cup? Bugha
89%
How much builds could you get to in Chapter 1? 999
88%
What about now? 500
87%
Who is the most iconic Fortnite player OAT? Ninja
86%
What season was considered to be the best winter of all time( Chapter and Season) Chapter 1 season 7
74%
What is the highest rank in Fortnite called Unreal
59%
How much he won from it 3,000,000
45%
What is coming back this November as of right now? Chapter 2
32%
What rare skin was added back and made everybody angry? Recon Expert
30%
Who invaded the map during season 4 of Chapter 2? Galactus
29%
What was the Knock-off Tilted in Chapter 2 Season 1? Lazy Lake
29%
What happened to the zero point that caused the map to fade away? explodes
28%
Fortnite noticed how people want old Fortnite back, what did they add recently to help people with that? Reload
23%
What did the Robot fight to protect the map?( include where it was before it broke out.) Polar Peak Monster
14%
The game hasn't been the same in a while, but when did they bring back Season OG Chapter 4 season 1
8%
No matching quizzes found
Score Distribution
Percent of People with Each Score
Percentile by Number Answered
Your Score History
You have not taken this quiz